Elden Ring NPCs by death - Statistics

General Stats
  • This quiz has been taken 205 times
  • The average score is 10 of 15
Answer Stats
Hint Answer % Correct
Sacrifices herself to burn down the Erdtree at the Forge of the Giants Melina
99%
Killed by Fia in Roundtable Hold, afflicted with deathroot D, Hunter of the Dead
85%
Succumbs to her Scarlet Rot in Miquella's Haligtree Millicent
85%
Killed by you in a legendary brawl to the death in Crumbling Farum Azula Iron Fist Alexander
80%
Killed by D, Beholder of Death as to avenge his brother Fia, Deathbed Companion
76%
Killed by Eleonora, Violet Bloody Finger Bloody Finger Hunter Yura
72%
Found dead after turning human from a larval tear (That you gave him) Boc the Seamster
70%
Contracts deathroot in Stormveil Castle and succumbs to it in Roundtable Hold Sorcerer Rogier
62%
Found dead at a desk in Raya Lucaria Thops
57%
Imbedded with the Seedbed Curse by the Dung Eater Blackguard Big Boggart
56%
Found dead being mourned by her father, presumably killed by a Misbegotten Irina
56%
Killed by poachers while protecting Jarburg Diallos
53%
Killed by a Black Knife Assassin War Counselor Iji
53%
Dies after losing faith in his master in the Ashen Capital, possibly by Suicide Brother Corhyn
48%
Killed by 3 of his own human puppets Pidia, Carian Servant
33%
No matching quizzes found
Score Distribution
Percent of People with Each Score
Percentile by Number Answered
Your Score History
You have not taken this quiz